000 00466pab a2200169 454500
008 180718b2011 xxu||||| |||| 00| 0 eng d
100 _aKremer, Michael et al
245 _aSpring cleaning: Rural water impacts, valuation, and property rights institutions
260 _c2011
300 _ap.145-205.
362 _aFeb
650 _aRight of the property
650 _aWater quality
773 _aQuarterly Journal of Economics
908 _aN
909 _a92152
999 _c92152
_d92152